Sports Quiz

Random Sports Quiz

District 2 coaches with 200 wins Quiz Stats

 Plays Quiz not verified by Sporcle

Score 0/10 Timer 10:00
0 Plays Today
Hint Answer % Correct
451 winsGeorge Curry
100%
235 winsPaul Marranca
72.7%
235 winsTed Jackson
63.6%
401 winsJack Henzes
54.5%
204 winsJim Fennell
36.4%
344 winsFrank Pazzaglia
27.3%
251 winsJohn Henzes
9.1%
253 winsJim Cantafio
9.1%
219 winsButch Keller
9.1%
202 winsElio Ghigiarelli
9.1%

You're not logged in!

Compare scores with friends on all Sporcle quizzes.
OR
Log In

Show Comments

Extras

Created Oct 21, 2015ReportNominate
Tags:200, coach, district, win

Top Quizzes Today


Score Distribution

Your Account Isn't Verified!

In order to create a playlist on Sporcle, you need to verify the email address you used during registration. Go to your Sporcle Settings to finish the process.

Report this User

Report this user for behavior that violates our Community Guidelines.

Details: